00314nam a2200109Ia 4500008004000000082001800040100002600058245005000084260003800134300000900172650002300181210210b2003 xxu||||| |||| 00| 0 eng d aT894.301 JAYN aJAYANTI (Es Bangera). aNili kadalda nadutu: kinya katekule sangraha. aMangalurubDurga Prakashanac2003 ax,80 aTulu Short Stories